banner-ar

Atlas of human anatomy / (Record no. 63152)

MARC details
000 -الفاتح
حقل البيانات ثابتة الطول 01189cam a22003494i 4500
005 - وقت وتاريخ اخر تعامل مع التسجيلة
رقم الضبط 20240530110626.0
008 - عناصر البيانات ثابتة الطول - معلومات عامة
حقل البيانات ثابتة الطول 141114s2014 paua b 001 0 eng
010 ## -
-- 2014469904
020 ## - الرقم الدولى المعيارى للكتب
الرقم الدولى المعيارى للكتاب 9781455704187 (standard edition)
020 ## - الرقم الدولى المعيارى للكتب
الرقم الدولى المعيارى للكتاب 9780808924517 (international edition)
020 ## - الرقم الدولى المعيارى للكتب
الرقم الدولى المعيارى للكتاب 9781455758883 (professional edition)
040 ## - مصدر الفهرسة
وكالة الفهرسة الأصلية DLC
لغة الفهرسة eng
قواعد الوصف rda
وكالة النسخ DLC
وكالة التعديل DLC
042 ## -
-- pcc
050 00 -
-- QM25
-- .N46 2014
082 40 - رقم تصنيف ديوى العشرى
رقم الطبعة 21
رقم التصنيف 611\
رقم المادة NA
100 1# - المدخل الرئيسى - إسم شخصى
الإسم الشخصى Netter, Frank H.
الشكل الأكمل للاسم (Frank Henry),
التواريخ المصاحبة للاسم 1906-1991.
245 10 - بيان العنوان
العنوان Atlas of human anatomy /
بيان المسئوليه,etc Frank H. Netter, MD.
250 ## - بيان الطبعة
بيان الطبعة Sixth edition.
300 ## - الوصف المادى
التعداد 1 v. (various pagings) :
تفاصيل ماديه اخرى للوعاء illustrations. (chiefly color) ;
أبعاد الوعاء 29 cm.
500 ## - تبصرة عامة
تبصرة عامة "25 anniversary edition"--Cover.
504 ## - تبصرة ببليوجرافية
تبصرة ببليوجرافية,الخ Includes bibliographical references and index.
650 #0 - المدخل الاضافى بالموضوع-مصطلح موضوعى
مصطلح موضوعي Human anatomy
التقسيم الفرعي الشكلي Atlases.
942 ## - عناصر المدخل الإضافي( كوها)
مصدر التصنيف او مخطط الترفيف Dewey Decimal Classification
Koha [default] item type كتاب
264 #1 -
-- Philadelphia, PA :
-- Saunders/Elsevier,
-- [2014]
336 ## -
-- text
-- txt
-- rdacontent
337 ## -
-- unmediated
-- n
-- rdamedia
338 ## -
-- volume
-- nc
-- rdacarrier
906 ## - عنصر بيانات محلى F, LDF (RLIN)
a 7
b ibc
c orignew
d 2
e ncip
f 20
g y-gencatlg
Holdings
حالة التراجع حالة الفقد مصدر التصنيف او خطة الترفيف حالة تلف ليس للاعارة المكان المؤقت الموقع الحالى موقع الترفيف تاريخ الاكتساب اجمالي اﻻعارات رقم الطلب الباركود تاريخ اخر مشاهدة تاريخ تفعيل السعر نوع وعاء كوها
    ddc     مكتبة القاهرة الكبرى مكتبة القاهرة الكبرى   01/04/2017   611\ NA 163113 01/04/2017 01/04/2017 كتاب

Powered By

EGPV